00546nam a22001697a 450000500170000001000150001702000260003203500130005803700130007108200100008410000150009424500690010924600660017826000500024427000610029430000210035520130910114615.0 aENG-108244 a9788179047453c175.00 aEN-91777 bDBAD/PUB a613.7 aRaju, C.S. a101 positive lifestyles for health and happiness /cby C.S. Raju aOne hundred one positive lifestyles for health and happiness aChennaibApple Publishing Internationalc2011 a130, Nelson Manickam Road, Aminjikarai,bChennaie600029 a168p.c22cm(pbk)